Normal view
MARC view
- Aristófanes,
Entry Nombre Personal
001 - NUMERO DE CONTROL
- campo de control: 31481
003 - IDENTIFICADOR DE NUMERO DE CONTROL
- campo de control: UPN
005 - FECHA Y HORA DE LA ÜLTIMA TRANSACCIÓN
- campo de control: 20210219194423.0
008 - DATOS DE LONGITUD FIJA
- campo de control de longitud fija: nabaccnnaabn|||||||||| b |nc|||||d
035 ## - NUMERO DE CONTROL
- Número de control: UPN11000003587
040 ## - FUENTE DE CATALOGACIÓN
- Lenguaje de catalogación: SPA
- Agencia de transcripción: UPN
100 0# - ENCABEZAMIENTO - NOMBRE PERSONAL
- Nombre personal: Aristófanes,
- Fechas asociadas con el nombre: ca. 445-ca. 386 a.C.
670 ## - FUENTE EN LA QUE SE LOCALIZARON DATOS
- Cita de la fuente: T
- Información localizada: Salvat universal
680 ## - NOTA PUBLICA DE ACCESO PÚBLICO
- Frase explicativa de la referencia: Comediógrafo griego
902 ## - CATALOGADOR
- Catalogador: CAA/261011
